| 000 | 00443nam a22001577a 4500 | ||
|---|---|---|---|
| 003 | BD-DhUL | ||
| 005 | 20170308133325.0 | ||
| 008 | 170308b xxu||||| |||| 00| 0 eng d | ||
| 040 |
_aBD-DhUL _cBD-DhUL |
||
| 245 | _ahistorians of india,pakistan and ceylon. | ||
| 260 |
_alondon: _buniversity press, _c1992 |
||
| 300 |
_a504p. _bill.figs.map; _c23cm. |
||
| 500 | _ainclude index | ||
| 504 | _ainclude index and bibliography | ||
| 942 |
_2ddc _cBK |
||
| 999 |
_c160962 _d160962 |
||